2024 Election Click Quiz - Statistics

General Stats
  • This quiz has been taken 105 times
  • The average score is 43 of 51
Answer Stats
Hint Answer % Correct
Alabama Donald Trump
98%
Alaska Donald Trump
96%
Delaware Joseph Biden
95%
California Joseph Biden
94%
Connecticut Joseph Biden
94%
District of Columbia Joseph Biden
94%
Nebraska Donald Trump
93%
Oklahoma Donald Trump
93%
Arkansas Donald Trump
91%
Kansas Donald Trump
91%
Louisiana Donald Trump
91%
North Dakota Donald Trump
91%
Florida Donald Trump
90%
Idaho Donald Trump
90%
Iowa Donald Trump
90%
Kentucky Donald Trump
90%
Missouri Donald Trump
90%
Montana Donald Trump
90%
Texas Donald Trump
90%
Colorado Joseph Biden
90%
Hawai'i Joseph Biden
90%
Utah Donald Trump
89%
Massachusetts Joseph Biden
89%
South Dakota Donald Trump
88%
Maryland Joseph Biden
88%
Wyoming Donald Trump
86%
Maine Joseph Biden
86%
New York Joseph Biden
86%
Tennessee Donald Trump
85%
New Jersey Joseph Biden
85%
Rhode Island Joseph Biden
85%
South Carolina Donald Trump
84%
Illinois Joseph Biden
84%
New Hampshire Joseph Biden
84%
Washington Joseph Biden
84%
Indiana Donald Trump
83%
Minnesota Joseph Biden
83%
Vermont Joseph Biden
83%
Ohio Donald Trump
81%
Michigan Joseph Biden
81%
West Virginia Donald Trump
80%
Mississippi Donald Trump
78%
North Carolina Donald Trump
78%
New Mexico Joseph Biden
78%
Virginia Joseph Biden
77%
Pennsylvania Joseph Biden
74%
Oregon Joseph Biden
69%
Arizona Joseph Biden
67%
Georgia Joseph Biden
62%
Nevada Donald Trump
36%
Wisconsin Donald Trump
33%
No matching quizzes found
Score Distribution
Percent of People with Each Score
Percentile by Number Answered
Your Score History
You have not taken this quiz